书目信息 |
| 题名: |
商业地产真相
|
|
| 作者: | 张家鹏 著 | |
| 分册: | ||
| 出版信息: | 北京 机械工业出版社 2008 |
|
| 页数: | 207页 | |
| 开本: | 24cm | |
| 丛书名: | ||
| 单 册: | ||
| 中图分类: | F293.35 | |
| 科图分类: | ||
| 主题词: | 城市商业--房地产--研究 , 城市商业 | |
| 电子资源: | ||
| ISBN: | 978-7-111-23498-2 | |
| 000 | 00856nam0 2200253 45 | |
| 001 | 1050671625 | |
| 005 | 20100415165955.48 | |
| 010 | @a978-7-111-23498-2@dCNY56.00 | |
| 100 | @a20100408e2008 em y0chiy0120 ea | |
| 101 | 0 | @achi |
| 102 | @aCN@b110000 | |
| 105 | @aa z 000yy | |
| 106 | @ar | |
| 200 | 1 | @a商业地产真相@AShang Ye Di Chan Zhen Xiang@dKnow-how in commercial real estate@e项目运作全解密@EXiang Mu Yun Zuo Quan Jie Mi@f张家鹏著@FZhang Jia Peng Zhu@zeng |
| 210 | @a北京@c机械工业出版社@d2008 | |
| 215 | @a207页@c彩图@d24cm | |
| 510 | 1 | @aKnow-how in commercial real estate@zeng |
| 517 | 1 | @a项目运作全解密@AXiang Mu Yun Zuo Quan Jie Mi |
| 606 | 0 | @a城市商业@x房地产@x研究 |
| 606 | 0 | @a城市商业 |
| 690 | @aF293.35@v4 | |
| 701 | 0 | @a张家鹏@AZhang Jia Peng@4著 |
| 801 | 0 | @aCN@bTANGWEI@c20100415 |
| 905 | @b0589332-36@dF293.35@e867@f5 | |
| 商业地产真相=Know-how in commercial real estate:项目运作全解密/张家鹏著.-北京:机械工业出版社,2008 |
| 207页:彩图;24cm |
| ISBN 978-7-111-23498-2:CNY56.00 |
| ● |
| 相关链接 |
|
|
|
|
正题名:商业地产真相
索取号:F293.35/867
 
预约/预借
| 序号 | 登录号 | 条形码 | 馆藏地/架位号 | 状态 | 备注 |
| 1 | 0589332 | 205893327 | 第一样本阅览室/ [索取号:F293.35/867] | 在馆 | |
| 2 | 0589333 | 205893336 | 第一借阅区/ [索取号:F293.35/867] | 在馆 | |
| 3 | 0589334 | 205893345 | 第一借阅区/ [索取号:F293.35/867] | 在馆 | |
| 4 | 0589335 | 205893354 | 第一借阅区/ [索取号:F293.35/867] | 在馆 | |
| 5 | 0589336 | 205893363 | 第一借阅区/ [索取号:F293.35/867] | 在馆 |